000
00290nam a2200121Ia 4500
008
190216s9999||||xx |||||||||||||| ||und||
100
_a
Sugatha Kumari
245
0
_a
Kavutheendalle
260
_b
Calicut University Central Co-Operative
300
_a
100
650
_a
Lekhanam
942
_c
BK
999
_c
27109
_d
27109